000 00395nam a2200157Ia 4500
999 _c28796
_d28796
003 0100
005 20190509122623.0
008 130303s9999 xx 000 0 und d
040 _cARRUPELIB
050 _aBV1473.5.E53
245 _aEmerging issues in religious education
_cedited by Gloria Durka and Joanmarie Smith
260 _aNew York
_bPaulist Press
_c1976
300 _a211p. ;
_c23cm.
650 _aReligious education
_923959
700 _aDurka, Gloria (ed.)
_946360
700 _aSmith, Joanmarie (ed.)
_946361
942 _2lcc
_cMONOGRAPH